| 000 | 00447nam a2200181Ia 4500 | ||
|---|---|---|---|
| 001 | 19066 | ||
| 005 | 20260306171716.0 | ||
| 008 | 260306s9999||||xx |||||||||||||| ||und|| | ||
| 041 | _aESP | ||
| 082 |
_a658.8 _bG45 |
||
| 100 |
_aGilmore, James H. [comp.] _eAUT |
||
| 245 | 0 |
_aMarketing (1x1): _bcada cliente es un mercado |
|
| 260 | _c2005 | ||
| 300 |
_a313 páginas : _c18 cm. |
||
| 650 | _aGEN | ||
| 654 | _aCAN | ||
| 942 |
_cLIB _dJUS _fJUS _2ddc _n |
||
| 999 |
_c19066 _d19066 |
||